| 000 | 01327nam a22002777a 4500 | ||
|---|---|---|---|
| 001 | 000306 | ||
| 003 | DO-SdBNP | ||
| 005 | 20240528094805.0 | ||
| 007 | 000306 | ||
| 008 | 160623b 2006 ag | 00| 0 spa d | ||
| 020 | _a9870403026 | ||
| 040 |
_aBPMSU _bspa _cBPMSU |
||
| 082 | 4 |
_aA863.08 _bT564m 2011 _222 |
|
| 245 | 0 | 0 |
_aTierra marcada : _bantologí́a de cuentos latinoamericanos del siglo XX / _cprólogo de Liliana Heker ; estudio de Pablo Ansolabehere. |
| 260 |
_aBuenos Aires : _bAlfaguara, _c2006. |
||
| 300 |
_a183 p. ; _c19 cm. |
||
| 490 | 0 | _aRoja (Alfaguara) | |
| 505 | 0 |
_tUn rato de tenmealla / _rCabrera Infante, Guillermo _tReunión / _rCortazar, Julio _tEl güero / _rDonoso, José _tLa prodigiosa tarde de Baltazar / _rGarcía Márquez, Gabriel _tLa culpa es de los tlaxcaltecas / _rGarro, Elena _rCortázar, Julio _tViaje a Petrópolis / _rLispector, Clarice _tLa tela de araña / _r Ribeyro, Julio Ramón _tHogar / _rRoa Bastos, Augusto _tLa cuesta de las comadres / _rRulfo, Juan _tEstudió de Tierra marcada / _rAnsolabehere, Pablo. |
|
| 590 | _aInventariado, 2024/VM | ||
| 650 | 4 | _aCuentos latinoamericanos | |
| 650 | 4 | _aNarrativa juvenil latinoamericana | |
| 700 | 1 |
_aAnsolabehere, Pablo _etraductor |
|
| 700 | 1 | 2 |
_aLiliana, Heker, _epról. |
| 910 | _aVMateo V. Cotrol de calidad. BPMSU | ||
| 942 |
_2ddc _cBK |
||
| 999 |
_c10538 _d10538 |
||